00469nam a2200193 a 4500001001300000003000900013005001700022008004100039020000900080082001600089100002100105245002000126260003600146300000900182500003500191505000900226650001900235700002100254nice12345678IN_TiNIC20260116015218.0050524s1987 dela grp 000 0 urd  ac1300a297.24bKHA aKhan, Ahmad Raza aKhatm-E-Nabuwat aDelhibMahal Publicationsc1987 a111p aincludes index and biblioraphy2 a550p aIslam-Prophecy1 aKhan, Ahmad Raza